The cocker Spaniel handbook / (Record no. 6151)

MARC details
000 -LEADER
fixed length control field 01152nam a22002537a 4500
001 - CONTROL NUMBER
control field 6151
003 - CONTROL NUMBER IDENTIFIER
control field FISKH
005 - DATE AND TIME OF LATEST TRANSACTION
control field 20250320105311.0
008 - FIXED-LENGTH DATA ELEMENTS--GENERAL INFORMATION
fixed length control field 250320b cb ||||| |||| 00| 0 eng d
020 ## - INTERNATIONAL STANDARD BOOK NUMBER
International Standard Book Number 027011034596
040 ## - CATALOGING SOURCE
Original cataloging agency FISKH
Language of cataloging eng
Transcribing agency FISKH
Modifying agency FISKH
050 ## - LIBRARY OF CONGRESS CALL NUMBER
Classification number SF429.C55 C63
082 ## - DEWEY DECIMAL CLASSIFICATION NUMBER
Classification number 636.752
100 ## - MAIN ENTRY--PERSONAL NAME
Personal name Coile, Caroline
245 ## - TITLE STATEMENT
Title The cocker Spaniel handbook /
Statement of responsibility, etc. By D. Caroline Coile Ph.D.
260 ## - PUBLICATION, DISTRIBUTION, ETC.
Place of publication, distribution, etc. New York :
Name of publisher, distributor, etc. Barron's Educational Series, Inc ;
Date of publication, distribution, etc. 2007.
300 ## - PHYSICAL DESCRIPTION
Extent 153 pages :
Other physical details color illustrations ;
Dimensions 20 cm .
490 ## - SERIES STATEMENT
Series statement Pet Handbooks
520 ## - SUMMARY, ETC.
Summary, etc. Perhaps the most popular variety of spaniel among pet owners, the Cocker is adaptable to most human lifestyles and, when carefully acclimated, makes a wonderful companion for children. This new addition to Barron's Pet Handbooks is typical of the series, filled with detailed advice on feeding, grooming, health care, and training, as well as extensive information on traits of the breed. It's filled with color photos and line art.
650 ## - SUBJECT ADDED ENTRY--TOPICAL TERM
Topical term or geographic name entry element Cocker Spaniel
Form subdivision Non-fiction
700 ## - ADDED ENTRY--PERSONAL NAME
Personal name Earle-Bridges, Michele
Relator term Drawer
942 ## - ADDED ENTRY ELEMENTS (KOHA)
Source of classification or shelving scheme Dewey Decimal Classification
Koha item type Books
Suppress in OPAC No
Holdings
Withdrawn status Lost status Source of classification or shelving scheme Damaged status Not for loan Collection Home library Current library Shelving location Date acquired Total Checkouts Full call number Barcode Date last seen Price effective from Koha item type
    Dewey Decimal Classification     Non-Fiction Footprints International School Library Network Toul Tom Poung Campus Footprints International School Library Network Toul Tom Poung Campus TTP Secondary Non-Fiction Bookshelves 03/20/2025   COI PZ7 SF429.C55 C63 FIS01510 03/20/2025 03/20/2025 Books